Central Library OPAC University of Rajshahi

The Feynman lectures on physics / (Record no. 52240)

MARC details
000 -LEADER
fixed length control field 01955nam a22003251 4500
001 - CONTROL NUMBER
control field 52240
003 - CONTROL NUMBER IDENTIFIER
rucl marc code BD-RJUL
005 - DATE AND TIME OF LATEST TRANSACTION
control field 20211209075755.0
008 - FIXED-LENGTH DATA ELEMENTS--GENERAL INFORMATION
fixed length control field 160907m19631965maua 000 0 eng
035 ## - SYSTEM CONTROL NUMBER
System control number BD-RJUL 52360
System control number (OCoLC)00531535
System control number GLIS00230956
System control number (OCoLC)02099025
040 ## - CATALOGING SOURCE
Original cataloging agency DLC
Transcribing agency DLC
Modifying agency MCL
-- m.c.
-- OCL
-- MYG
Language of cataloging eng
041 ## - LANGUAGE CODE
Language code of text/sound track or separate title eng
082 ## - DEWEY DECIMAL CLASSIFICATION NUMBER
Edition number 23
Classification number 530
Author mark and year FEF 1965
090 ## - LOCALLY ASSIGNED LC-TYPE CALL NUMBER (OCLC); LOCAL CALL NUMBER (OCLC)
Classification number (OCLC) (R) ; Classification number, CALL (RLIN) (NR) QC23
Local cutter number (OCLC) ; Book number/undivided call number, CALL (RLIN) .F435
099 ## - LOCAL FREE-TEXT CALL NUMBER (OCLC)
Bangla Class number QC23.F435
100 1# - MAIN ENTRY--PERSONAL NAME
Personal name Feynman, Richard P.
Fuller form of name (Richard Phillips),
Dates associated with a name 1918-1988.
9 (RLIN) 156266
245 14 - TITLE STATEMENT
Title The Feynman lectures on physics /
Statement of responsibility, etc. [by] Richard P. Feynman, Robert B. Leighton [and] Matthew Sands.
260 ## - PUBLICATION, DISTRIBUTION, ETC. (IMPRINT)
Place of publication, distribution, etc. Reading, Mass. :
Name of publisher, distributor, etc. Addison-Wesley Pub. Co.,
Date of publication, distribution, etc. 1963-65 [reprint 2007]
300 ## - PHYSICAL DESCRIPTION
Pagination 3 v. :
Illustrations ill. ;
Size 29 cm.
505 0# - FORMATTED CONTENTS NOTE
Formatted contents note v. 1. Mainly mechanics, radiation, and heat -- v. 2. The electromagnetic field -- v. 3. Quantum mechanics.
650 #0 - SUBJECT ADDED ENTRY--TOPICAL TERM
Topical term or geographic name as entry element Physics.
9 (RLIN) 156267
700 1# - ADDED ENTRY--PERSONAL NAME
Personal name Leighton, Robert B.
Personal name Sands, Matthew L.
Fuller form of name (Matthew Linzee)
942 ## - ADDED ENTRY ELEMENTS (KOHA)
Source of classification or shelving scheme Dewey Decimal Classification
Koha item type Books
949 ## - LOCAL PROCESSING INFORMATION (OCLC)
a MYGS
v 1
b [!39080003380950!]
-- [!39080003380943!]
-- [!39080003380935!]
-- [!39080003380927!]
-- [!39080003380919!]
-- [!39080003380901!]
v 2
b [!39080003380885!]
-- [!39080003380877!]
-- [!39080003380869!]
-- [!39080003380851!]
-- [!39080003380844!]
-- [!39080003380836!]
-- [!39080003382170!]
-- [!39080003382188!]
-- [!39080003380828!]
-- [!39080003380810!]
v 3
b [!39080003381289!]
-- [!39080003381271!]
-- [!39080003381263!]
-- [!39080003381255!]
-- [!39080003381248!]
-- [!39080003381230!]
-- [!39080003381222!]
-- [!39080003381214!]
a MYGE
v 1
b [!39080003379986!]
-- [!39080003379978!]
v 2
b [!39080003381511!]
-- [!39080003426415!]
-- [!39080003380893!]
v 3
b [!39080003381503!]
-- [!39080003381495!]
a MYGY
v 1
b [!39080003387369!]
-- [!39080003387351!]
v 2
b [!39080003387344!]
v 3
b [!39080003387336!]
-- [!39080003387328!]
a MYGP
v 1
b [!39080003387310!]
v 2
b [!39080003387302!]
v 3
b [!39080003387294!]
Holdings
Lost status Source of classification or shelving scheme Damaged status Not for loan Collection code Permanent Location Current Location Shelving location Date acquired Source of acquisition Cost, normal purchase price Total Checkouts Full call number Date last seen Copy number Koha item type Date checked out
  Dewey Decimal Classification     Non-fiction Central Library, University of Rajshahi Central Library, University of Rajshahi   09/12/1970 Mirza books agency 27.50   530 FEF V-3 1965 07/09/2016 C-2 Books  
  Dewey Decimal Classification     Non-fiction Central Library, University of Rajshahi Central Library, University of Rajshahi   09/12/1970 Mirza books agency 27.50   530 FEF V-2 1964 07/09/2016 C-2 Books  
  Dewey Decimal Classification     Non-fiction Central Library, University of Rajshahi Central Library, University of Rajshahi   09/12/1970 Mirza books agency 27.50   530 FEF V-1 1963 07/09/2016 C-2 Books  
  Dewey Decimal Classification     Non-fiction Central Library, University of Rajshahi Central Library, University of Rajshahi   14/05/2008 Dhaka paragon enterprises ltd. 295.00 2 530 FEF V-2 2007 20/02/2024 C-3 Books 04/02/2024
  Dewey Decimal Classification   Not For Loan Non-fiction Central Library, University of Rajshahi Central Library, University of Rajshahi Reading Room 09/12/1970 Mirza books agency 27.50   530 FEF V-2 1964 12/04/2017 C-1 Books